000 00638nmm a2200193Ia 4500
008 251105s9999||||xx |||||||||||||||||und||
041 _aspa
100 _aLaliena Corbera, Carlos
245 0 _aFisco, legitimidad y conflicto en los reinos hispánicos (siglos XIII-XVII)
264 _a[Madrid, España] :
_bPrensas Universitarias de Zaragoza,
_c2019
300 _a481 páginas
490 _aEstudios
650 _aHistory of Europe: Spain
700 _aLaliena Corbera, Carlos
700 1 _a Lafuente Gómez, Mario
700 1 _a Galán Sánchez, Ángel
856 _uhttps://public.digitaliapublishing.com/a/66394
942 _cCF
999 _c67621
_d67621